MARDEK 3 Playable Characters - Statistics

General Stats
  • This quiz has been taken 164 times
  • The average score is 8 of 11
Answer Stats
Answer % Correct
Mardek
100%
Gloria
80%
Donovan
77%
Elwyen
77%
Legion
77%
Sharla
77%
Vehrn
77%
Zach
77%
Solaar
73%
Sslen'ck
72%
Meraeador
54%
No matching quizzes found
Score Distribution
Percent of People with Each Score
Percentile by Number Answered
Your Score History
You have not taken this quiz